000 00332nam a2200157Ia 4500
003 OSt
005 20240101101028.0
008 170524s9999 xx 000 0 und d
020 _a8122400027
040 _cIIMTU
100 _aRay/Chaudhary
245 0 _aNetwork & System
260 _bNew Age
260 _c2003
942 _2ddc
_c02
999 _c5314
_d5314